Ֆրիկի Դիվանի պարսկերեն քառյակը / (Record no. 540568)
[ view plain ]
| 000 -LEADER | |
|---|---|
| fixed length control field | 00940nam a2200217 a 4500 |
| 001 - CONTROL NUMBER | |
| control field | 1779630 |
| 003 - CONTROL NUMBER IDENTIFIER | |
| control field | AM-YEHGA |
| 005 - DATE AND TIME OF LATEST TRANSACTION | |
| control field | 20260409123946.0 |
| 008 - FIXED-LENGTH DATA ELEMENTS--GENERAL INFORMATION | |
| fixed length control field | 210710s1956 ai ||||gr|||| 00||| arm|d |
| 040 ## - CATALOGING SOURCE | |
| Original cataloging agency | AM-YEHGA |
| 041 0# - LANGUAGE CODE | |
| Language code of text/sound track or separate title | arm |
| 100 1# - MAIN ENTRY--PERSONAL NAME | |
| Personal name | Ավթանդիլյան, Վահե Արմենակի, |
| Dates associated with a name | 1919-1978 |
| 9 (RLIN) | 2280 |
| 245 10 - TITLE STATEMENT | |
| Title | Ֆրիկի Դիվանի պարսկերեն քառյակը / |
| Statement of responsibility, etc. | Վ. Ավթանդիլյան ; Հ. Փափազյան, Գիտությունների ակադեմիա, Հայկական ՍՍՌ. |
| 260 ## - PUBLICATION, DISTRIBUTION, ETC. | |
| Place of publication, distribution, etc. | Երևան : |
| Name of publisher, distributor, etc. | ՀՍՍՌ ԳԱ հրատ., |
| Date of publication, distribution, etc. | 1956. |
| 300 ## - PHYSICAL DESCRIPTION | |
| Extent | էջ 87-92 |
| 500 ## - GENERAL NOTE | |
| General note | Առարձնատիպ Հայկական ՍՍՌ Գիտությունների Ակադեմիայի 1Տեղեկագրից», N 3, 1956թ. |
| 504 ## - BIBLIOGRAPHY, ETC. NOTE | |
| Bibliography, etc. note | Տողատակի ծանոթագր. |
| 650 14 - SUBJECT ADDED ENTRY--TOPICAL TERM | |
| Topical term or geographic name entry element | Գրաքննություն |
| 700 1# - ADDED ENTRY--PERSONAL NAME | |
| Personal name | Փափազյան, Հակոբ Դավթի, |
| Dates associated with a name | 1919-1997 |
| 9 (RLIN) | 1602 |
| 942 ## - ADDED ENTRY ELEMENTS (KOHA) | |
| Source of classification or shelving scheme | Universal Decimal Classification |
| Koha item type | Գրքեր / Books |
| Withdrawn status | Lost status | Source of classification or shelving scheme | Damaged status | Not for loan | Collection | Home library | Current library | Date acquired | Total checkouts | Full call number | Barcode | Date last seen | Price effective from | Koha item type | Public note |
|---|---|---|---|---|---|---|---|---|---|---|---|---|---|---|---|
| Universal Decimal Classification | Gharibyan individual Collection | Fundamental Scientific Library | Fundamental Scientific Library | 30/01/2026 | Ղար/700 | FL0702763 | 30/01/2026 | 30/01/2026 | Գրքեր / Books | ILL Non-Circ. |
ՀՀ Գիտությունների ազգային ակադեմիայի հիմնարար գիտական գրադարան = Fundamental Scientific Library of NAS RA
All site content, except where otherwise noted, is licensed under a